01205 2200385 4500001002100000005001500021007000300036008004100039020002200080035002000102040001700122041000800139082001000147084001600157090002200173100003000195245006600225250001000291264003100301300004100332336002100373337003000394338002300424504002400447650001000471700017400481850001000655990002200665990002200687990002200709990002200731990002200753990002200775990002200797INLIS00000000000538720260514083300ta260514 0  a978-979-033-258-4 a0010-0222000477 aSBPUPADbIND aind a297.4 a297.4 ALB m a297.215 MAS n 5-41 aJamal Al-BannaePengarang1 aManivesto Fiqih Baru Tiga :bMemahami Paradigma Fiqih Moderat acet.1 aJakarta :bErlangga,c2008 axxi,362 hal. :billus. ;c15 x 23 cm 2rdacontentaTeks 2rdamediaaTanpa Perantara 2rdacarrieraVolume aBibliografi,hlm 360 4aAgama0 aeditor ke-1,Achmad Ta'yudin, editor ke-2, Sayed mahdi, editor ke-3, Fathurrahman Yahya + Penerjemah ke-1, Hasibullah Satrawi, penerjemah ke-2, Zuairi MisrawiePenerjemah aPUPAD a26.830/P/DPK/2017 a26.831/P/DPK/2017 a26.832/P/DPK/2017 a26.833/P/DPK/2017 a26.834/P/DPK/2017 a26.835/P/DPK/2017 a26.836/P/DPK/2017